[Event "TCh-HUN 2010-11"]
[Site "Kazincbarcika HUN"]
[Date "2011.02.20"]
[Round "6"]
[White "Molnar,Be"]
[Black "Deak,S"]
[Result "1-0"]
[WhiteElo "2330"]
[BlackElo "2305"]

1.e4 c5 2.Nf3 Nc6 3.Nc3 g6 4.d4 cxd4 5.Nxd4 Bg7 6.Be3 Nf6 7.Bc4 Ng4 8.Qxg4 Nxd4
9.Qd1 Ne6 10.O-O O-O 11.f4 Qc7 12.Bb3 Bxc3 13.bxc3 Nc5 14.f5 Nxb3 15.axb3 Qxc3
16.Bd4 Qc6 17.Qd2 f6 18.fxg6 hxg6 19.Qh6 Qxe4 20.Rf4 Qxc2 21.Re1 e5 22.Bxe5 d6
23.Rxf6 Qc5+ 24.Kh1 dxe5 25.Qxg6+ Kh8 26.Qh5+  1-0

[Event "ch-POL Women"]
[Site "Warsaw POL"]
[Date "2011.02.20"]
[Round "9"]
[White "Szczepkowska Horowska,K"]
[Black "Toma,K"]
[Result "1-0"]
[WhiteElo "2254"]
[BlackElo "2238"]

1.e4 c5 2.Nc3 Nc6 3.Bb5 Nd4 4.Bc4 e6 5.Nf3 a6 6.Nxd4 cxd4 7.Ne2 b5 8.Bb3 Bb7
9.d3 Bc5 10.O-O Ne7 11.Kh1 O-O 12.f4 f5 13.Ng3 Kh8 14.Qe1 Rf6 15.Bd2 Rh6
16.Ba5 Qf8 17.h3 Qf6 18.Kh2 Rf8 19.Bb4 Bxb4 20.Qxb4 Rg6 21.Qd6 Qh4 22.Rf3 Bc6
23.Re1 Rg8 24.Re2 h6 25.Qxd4 Rf8 26.Qd6 Kh7 27.c3 Rg4 28.Ref2 Ng6 29.exf5 exf5
30.Bd5 Bxd5 31.Qxd5 Nxf4 32.Qd6 Rf6 33.Qe7 Ng6 34.Qe8 Re6 35.Qxd7 f4 36.Nf5 Ne5
37.Nxh4  1-0

[Event "61st ch-RUS w 1st League"]
[Site "Ivanovo RUS"]
[Date "2011.02.21"]
[Round "1"]
[White "Kindinova,E"]
[Black "Sedova,E"]
[Result "1-0"]
[WhiteElo "2188"]
[BlackElo "1902"]

1.e4 c5 2.Nf3 Nc6 3.Nc3 d6 4.d4 cxd4 5.Nxd4 Nf6 6.Be2 e6 7.Be3 a6 8.a4 d5
9.exd5 Nxd5 10.Nxd5 Qxd5 11.O-O Bd7 12.Bf3 Qd6 13.Nxc6 Bxc6 14.Qxd6 Bxd6
15.Bxc6+ bxc6 16.Rfd1 Be5 17.Bd4 Bxd4 18.Rxd4 Ke7 19.Kf1 Rhd8 20.Rad1 Rd5
21.Ke2 Rad8 22.Rxd5 Rxd5 23.Rd3 c5 24.Rb3 Rd7 25.Rb6 Rd6 26.Rb8 Rd8 27.Rb3 e5
28.Ke3 Rd4 29.Rb7+ Ke6 30.b3 Rd6 31.Rc7 f5 32.Rxg7 f4+ 33.Ke2 Kd5 34.Rxh7 c4
35.Rc7 cxb3 36.cxb3 Rb6 37.Rc3 a5 38.g3 fxg3 39.hxg3 Kd4 40.Rd3+ Ke4 41.f3+ Kf5
42.Ke3 Rb4 43.Rc3 Kf6 44.f4 exf4+ 45.gxf4 Ke6 46.Kf3 Kd5 47.Rd3+ Ke6 48.Kg4 Kf6
49.Rd5 Rxb3 50.Rxa5 Rb6 51.Rb5 Ra6 52.a5 Kf7 53.f5  1-0

[Event "e2e4.org.uk Brighton Masters B"]
[Site "Brighton ENG"]
[Date "2011.02.23"]
[Round "1"]
[White "Player,E"]
[Black "Gormally,D"]
[Result "1/2-1/2"]
[WhiteElo "2179"]
[BlackElo "2484"]

1.e4 c5 2.Nc3 Nc6 3.Bb5 Nd4 4.Bc4 Nf6 5.Nge2 a6 6.d3 b5 7.Bb3 Nxb3 8.axb3 Bb7
9.O-O d5 10.e5 d4 11.exf6 dxc3 12.Nxc3 gxf6 13.Qh5 Rg8 14.g3 e6 15.Ne4 f5
16.Ng5 Rg6 17.Re1 Qd5 18.f3 f4 19.Bxf4 Rxg5 20.Qxg5 Qxf3 21.Re4 Bxe4 22.dxe4 Rd8
23.Qe5 c4 24.Rf1 Qe2 25.Bg5 Rc8 26.b4 Qh5 27.c3 h6 28.Bf6 Qxe5 29.Bxe5 Ra8
30.Ra1 Kd7 31.Kf2 Be7 32.Kf3 h5 33.Ke2 f6 34.Bd4 Kc6 35.Kf3 Kb7 36.Ke2 Rg8
37.Rf1 Rg6 38.Be3 Rg4 39.Kf3 Rg8 40.Rd1 Kc6 41.Ra1 Ra8 42.Ke2 Bd8 43.Bd4 Kd7
44.Rf1 a5 45.bxa5 Rxa5 46.Bxf6 Bxf6 47.Rxf6 Ra2 48.Rf2 Rxb2+ 49.Ke3 Rb1 50.Rd2+ Kc6
51.Re2 e5 52.Rf2 Rd1 53.Ke2 Rh1 54.h4 Rg1 55.Rf6+ Kc5 56.Re6 Rxg3 57.Rxe5+ Kb6
58.Kd2 Ka5 59.Rxh5 Ka4 60.e5 b4 61.e6 Kb3 62.e7 bxc3+ 63.Ke2 Rg8 64.Rb5+ Kc2
65.h5 Kc1 66.h6 c2 67.Rb4 Re8 68.Rb7 Rh8 69.Rb4 Re8 70.Rb7 Rh8  1/2-1/2

[Event "31st TCh-IND 2011"]
[Site "Kochi IND"]
[Date "2011.02.23"]
[Round "2"]
[White "Roy Chowdhury,S"]
[Black "Shailendra,B"]
[Result "1-0"]
[WhiteElo "2449"]
[BlackElo "2212"]

1.e4 c5 2.Nf3 Nc6 3.Nc3 g6 4.Bb5 Bg7 5.O-O Nf6 6.d3 O-O 7.Bxc6 bxc6 8.e5 Ng4
9.Re1 f6 10.exf6 Nxf6 11.Qe2 Re8 12.Ne4 Qb6 13.c3 a5 14.Bh6 Ba6 15.Bxg7 Kxg7
16.b3 d5 17.Neg5 Bc8 18.Ne6+ Kg8 19.Qe5 Ra7 20.Qg5 Ne4 21.dxe4 Bxe6 22.Ne5 Kg7
23.h4 Rf8 24.h5 Rf6 25.hxg6 hxg6 26.Re3 c4 27.bxc4 dxe4 28.Rf1 Bf5 29.Ng4 Bxg4
30.Qxg4 Qb2 31.Qxe4 Qxa2 32.Re2 Qa3 33.Qd4 c5 34.Qd3 Qa4 35.Rfe1 Kf8 36.Qd5 Qc6
37.Qg5 Qd6 38.Qh6+ Kg8 39.Rd2 Qc7 40.Rd3 e6 41.Red1 Qg7 42.Rd8+ Rf8 43.Rxf8+ Kxf8
44.Rd8+ Kf7 45.Qf4+ Ke7 46.Qb8 Qxc3 47.Rh8 Kf6 48.Qf4+  1-0

[Event "e2e4.org.uk Brighton Masters A"]
[Site "Brighton ENG"]
[Date "2011.02.24"]
[Round "3"]
[White "Josse,Mar"]
[Black "Suarez Roa,J"]
[Result "1/2-1/2"]
[WhiteElo "2159"]
[BlackElo "2207"]

1.e4 c5 2.Nf3 Nc6 3.Nc3 g6 4.d4 cxd4 5.Nxd4 Bg7 6.Be3 Nf6 7.Bc4 O-O 8.Bb3 Qa5
9.O-O d6 10.h3 Bd7 11.Re1 Rac8 12.Qd2 Rfe8 13.f4 Nxe4 14.Nxc6 Bxc3 15.Qxc3 Qxc3
16.Nxe7+ Rxe7 17.bxc3 b6 18.Bd4 Ree8 19.Re3 Nc5 20.Rae1 Rxe3 21.Rxe3 Ne6
22.Bf6 Kf8 23.g3 Re8 24.Rd3 Nc5 25.Rxd6 Bxh3 26.Bd5 Ne4 27.Bxe4 Rxe4 28.Rd8+ Re8
29.Bg7+ Ke7 30.Bf6+ Kf8 31.Bg7+ Ke7 32.Bf6+  1/2-1/2

[Event "3rd Metro Chess FIDE Invitational"]
[Site "Los Angeles USA"]
[Date "2011.02.24"]
[Round "2"]
[White "Taylor,T"]
[Black "Kretchetov,A"]
[Result "0-1"]
[WhiteElo "2314"]
[BlackElo "2323"]

1.e4 c5 2.Nf3 Nc6 3.Nc3 g6 4.d4 cxd4 5.Nxd4 Bg7 6.Be3 Nf6 7.Be2 O-O 8.Nb3 d6
9.f4 Bd7 10.g4 Ne8 11.h4 a5 12.a4 Be6 13.f5 Bxb3 14.cxb3 gxf5 15.gxf5 Kh8
16.Qd2 Nf6 17.O-O-O Rc8 18.Kb1 Rg8 19.h5 Nd7 20.h6 Bxc3 21.bxc3 Nce5 22.Rhg1 f6
23.Rg7 Nc5 24.Rdg1 Qc7 25.Bd4 Nxe4 26.Qe3 d5 27.c4 Qd6 28.c5 Qc7 29.R1g2 Nc6
30.Qg1 Qb8 31.Rxh7+ Kxh7 32.Rg7+ Kh8 33.Qg6 Ng5 34.Qxg5 fxg5  0-1

[Event "e2e4.org.uk Brighton Masters B"]
[Site "Brighton ENG"]
[Date "2011.02.25"]
[Round "4"]
[White "Player,E"]
[Black "Therrien,A"]
[Result "1/2-1/2"]
[WhiteElo "2179"]
[BlackElo "2251"]

1.e4 c5 2.Nc3 Nc6 3.Bb5 Nd4 4.Bc4 e6 5.Nge2 Nf6 6.O-O a6 7.d3 b5 8.Bb3 Nxb3
9.axb3 Bb7 10.f4 d5 11.e5 d4 12.exf6 dxc3 13.f5 Qxf6 14.bxc3 exf5 15.Ng3 g6  1/2-1/2

[Event "TCh-CAT Div Hon"]
[Site "Barcelona ESP"]
[Date "2011.02.26"]
[Round "5"]
[White "Mellado Trivino,J"]
[Black "Pinero Fernandez,X"]
[Result "1-0"]
[WhiteElo "2422"]
[BlackElo "2301"]

1.e4 c5 2.Nc3 Nc6 3.Bb5 g6 4.Bxc6 bxc6 5.d3 Bg7 6.f4 Rb8 7.Nf3 Nh6 8.O-O O-O
9.Qe1 f5 10.e5 Nf7 11.b3 Qc7 12.Bb2 d6 13.Na4 Ba6 14.exd6 exd6 15.Bxg7 Kxg7
16.Qc3+ Kg8 17.Rae1 Rbe8 18.Rf2 Rxe1+ 19.Qxe1 Bc8 20.Re2 Bd7 21.Nb2 Qd8 22.Nc4 Re8
23.Rxe8+ Qxe8 24.Qxe8+ Bxe8 25.Ng5 d5 26.Nxf7 Kxf7 27.Na5 d4 28.Nb7 Ke6 29.Nxc5+ Kd5
30.b4 g5 31.fxg5 Bh5 32.Kf2 a5 33.Nd7  1-0

[Event "TCh-CAT Div Hon"]
[Site "Barcelona ESP"]
[Date "2011.02.26"]
[Round "5"]
[White "Simon Padros,E"]
[Black "Alexandrova,O"]
[Result "0-1"]
[WhiteElo "2266"]
[BlackElo "2381"]

1.e4 c5 2.Nc3 Nc6 3.Bb5 Nd4 4.Bc4 g6 5.Nf3 Bg7 6.O-O a6 7.a4 e6 8.Nxd4 cxd4
9.Ne2 Ne7 10.c3 d5 11.exd5 exd5 12.Bd3 Nc6 13.b4 O-O 14.Qb3 Bg4 15.Nxd4 Nxd4
16.cxd4 Qg5 17.Bb2 Bf3 18.g3 Qg4 19.Rfe1 Rfe8 20.Bf1 Be4 21.h3 Qd7 22.Bg2 h5
23.d3 Bxg2 24.Kxg2 Re6 25.Bc3 Rxe1 26.Rxe1 b5 27.axb5 axb5 28.Bd2 Ra4 29.Bf4 Bxd4
30.Rc1 Qe6 31.Rc2 Ra1 32.Ra2 Re1 33.Qc2 Kh7 34.Qd2 Rb1 35.Rc2 Kg8 36.Rc1 Rb2
37.Rc2 Rb3 38.Be3 Qe5 39.Bxd4 Qxd4 40.Qh6 Rc3 41.Re2 Rc8 42.Qd2 Kg7 43.Qb2 Qxb2
44.Rxb2 Rc3 45.Ra2  0-1

[Event "Brunei IM1 2011"]
[Site "Bandar Seri Begawan BRU"]
[Date "2011.02.27"]
[Round "1"]
[White "Hj,Sulaiman Hj Md Baharuddin"]
[Black "Vakhidov,J"]
[Result "0-1"]
[WhiteElo "2223"]
[BlackElo "2295"]

1.e4 c5 2.Nf3 Nc6 3.Nc3 g6 4.d4 cxd4 5.Nxd4 Bg7 6.Be3 Nf6 7.Be2 O-O 8.O-O d6
9.Qd2 Bd7 10.Rad1 a6 11.Bh6 Nxd4 12.Bxg7 Nxe2+ 13.Qxe2 Kxg7 14.e5 dxe5 15.Qxe5 Qb8
16.Qxe7 Bf5 17.Nd5 Nxd5 18.Rxd5 Be6  0-1

[Event "e2e4.org.uk Brighton Masters A"]
[Site "Brighton ENG"]
[Date "2011.02.27"]
[Round "9"]
[White "Cherniaev,A1"]
[Black "Suarez Roa,J"]
[Result "1-0"]
[WhiteElo "2446"]
[BlackElo "2207"]

1.e4 c5 2.Nc3 Nc6 3.Bb5 g6 4.Bxc6 bxc6 5.d3 Bg7 6.f4 d6 7.h3 Nh6 8.Nf3 O-O
9.O-O Rb8 10.Qe1 f5 11.e5 Qe8 12.b3 Nf7 13.Na4 g5 14.Qg3 g4 15.hxg4 fxg4
16.Nh4 Nxe5 17.Bb2 Ng6 18.Bxg7 Kxg7 19.Rae1 Rb7 20.Nc3 Qf7 21.Ne4 Nxf4 22.Qe3 Qh5
23.Rxf4 Rxf4 24.Qxf4 Qxh4 25.Rf1 Be6 26.Ng5 Bd5 27.c4 h6 28.cxd5  1-0

[Event "Bunratty Masters"]
[Site "Bunratty IRL"]
[Date "2011.02.27"]
[Round "5"]
[White "Short,N"]
[Black "Fitzsimons,D"]
[Result "1/2-1/2"]
[WhiteElo "2658"]
[BlackElo "2240"]

1.e4 c5 2.Nf3 Nc6 3.Nc3 Nf6 4.Bb5 g6 5.h3 Bg7 6.e5 Ng8 7.Bxc6 dxc6 8.d3 Nh6
9.Be3 b6 10.g4 f5 11.exf6 exf6 12.Qd2 Nf7 13.O-O-O O-O 14.Rdg1 Be6 15.h4 c4
16.Nd4 Bd5 17.Nxd5 Qxd5 18.dxc4 Qxc4 19.b3 Qd5 20.c4 Qd7 21.h5 Rad8 22.hxg6 hxg6
23.Qc2 Ne5 24.Rg3 Rfe8 25.Kb1 c5 26.Ne2 Nxg4 27.Nf4 f5 28.Rxg4 fxg4 29.Qxg6 Qd6
30.Qh7+ Kf7 31.Rh5 Re5 32.Bc1 Rxh5 33.Qxh5+ Kg8 34.Qxg4 Re8 35.Bb2 Re1+ 36.Kc2 Qe7
37.Qc8+ Kh7 38.Qf5+ Kg8 39.Qc8+ Kh7 40.Qf5+ Kg8  1/2-1/2

[Event "1st Donetsk Masters"]
[Site "Donetsk UKR"]
[Date "2011.02.27"]
[Round "5"]
[White "Shilin,D"]
[Black "Vatinyan,G"]
[Result "1-0"]
[WhiteElo "2351"]
[BlackElo "1960"]

1.e4 c5 2.Nc3 Nc6 3.Bb5 Nd4 4.a4 Qa5 5.Nge2 Nxb5 6.Nxb5 a6 7.Nbc3 b5 8.O-O Bb7
9.d3 g6 10.Bf4 b4 11.Nd5 Bxd5 12.exd5 Bg7 13.c3 d6 14.Bd2 Nf6 15.Qb3 Rb8
16.Nf4 O-O 17.c4 Qc7 18.Rae1 Ng4 19.Re4 Ne5 20.h4 Qd7 21.Qd1 b3 22.a5 Bf6
23.Bc3 Bxh4 24.Nh5 Bf6 25.Nxf6+ exf6 26.Rfe1 Rfe8 27.f4 f5 28.Rxe5 dxe5 29.fxe5 Qe7
30.Qf3 Qh4 31.Rf1 h5 32.Qe3 Qe7 33.Rf3 Rbd8 34.Rg3 Kh7 35.Qf4 Qf8 36.Rh3 Qh6
37.Qf2 Qc1+ 38.Kh2 Rb8 39.d4 Qc2 40.Qh4 cxd4 41.Qxd4 Qe4 42.d6 Rec8 43.c5 Qxd4
44.Bxd4 Rc6 45.Kg1 Kh6 46.Rf3 h4 47.Rf4 Kg5 48.Be3 Kh5 49.Kh2 Re8 50.Kh3 Kh6
51.Rb4+ g5 52.Rb6 f4 53.Rxc6 fxe3 54.d7+ Kg7 55.dxe8=Q e2 56.Rf6 g4+ 57.Kxg4 e1=Q
58.Qxf7+  1-0

[Event "3rd Metro Chess FIDE Invitational"]
[Site "Los Angeles USA"]
[Date "2011.02.27"]
[Round "8"]
[White "Taylor,T"]
[Black "Carreto Nieto,G"]
[Result "0-1"]
[WhiteElo "2314"]
[BlackElo "2231"]

1.e4 c5 2.Nf3 Nc6 3.Nc3 g6 4.d4 cxd4 5.Nxd4 Bg7 6.Be3 Nf6 7.Be2 O-O 8.Nb3 d6
9.f4 Be6 10.g4 a5 11.f5 Bd7 12.a4 Nb4 13.g5 Nxe4 14.Nxe4 Bxf5 15.Bd3 Rc8
16.O-O d5 17.Nf6+ exf6 18.Bxf5 gxf5 19.c3 Re8 20.gxf6 Rxe3 21.fxg7 Qg5+ 22.Kh1 Nd3
23.Nd4 Rce8 24.Qb3 Nf4 25.Rg1 Re1 26.Qc2 Qxg1+  0-1

[Event "TCh-SUI 2011"]
[Site "Switzerland SUI"]
[Date "2011.02.27"]
[Round "1.3"]
[White "Gaehler,M"]
[Black "Miralles,G"]
[Result "0-1"]
[WhiteElo "2341"]
[BlackElo "2462"]

1.e4 c5 2.Nc3 Nc6 3.Bb5 Nd4 4.Ba4 Qa5 5.Nge2 b5 6.Nxd4 cxd4 7.Nxb5 Qxa4 8.Nc7+ Kd8
9.Nxa8 Bb7 10.d3 Bxa8 11.O-O Nf6 12.b3 Qc6 13.Bb2 e5 14.f4 Bd6 15.Qd2 Qb6
16.a4 a5 17.fxe5 Bxe5 18.Rf5 Re8 19.Qf2 Bxh2+ 20.Kh1 Be5 21.c3 Nxe4 22.dxe4 Qh6+
23.Kg1 Bh2+ 24.Kf1 Bxe4 25.Rd1 Bc7 26.Rxf7 Qh1+ 27.Qg1 Bxg2+ 28.Kf2 Qh3 29.Qxg2 Re2+
30.Kxe2 Qxg2+ 31.Rf2 Qe4+ 32.Kf1 Bg3 33.Rf8+ Ke7 34.Ba3+ d6 35.Bxd6+ Bxd6  0-1

[Event "1st Donetsk Masters"]
[Site "Donetsk UKR"]
[Date "2011.02.28"]
[Round "6"]
[White "Volovikov,An"]
[Black "Shilin,D"]
[Result "1/2-1/2"]
[WhiteElo "2324"]
[BlackElo "2351"]

1.e4 c5 2.Nc3 Nc6 3.Nf3 g6 4.d4 cxd4 5.Nxd4 Bg7 6.Be3 Nf6 7.Nxc6 bxc6 8.e5 Nd5
9.Nxd5 cxd5 10.Qxd5 Rb8 11.Bc4 O-O 12.O-O Qc7 13.Qc5 Qxe5 14.Rae1 Rxb2 15.Qxe5 Bxe5
16.Bc1 Rxc2 17.Bb3 Rc5 18.Ba3 Bd6 19.Bxc5 Bxc5 20.Re5 Bb4 21.Rb1 Kg7 22.Bd1 f6
23.Rb5 Bc3 24.Bf3 Bd4 25.Rc1 Bb6 26.a4 d6 27.a5 Bc5 28.Rbxc5 dxc5 29.Rxc5 Ba6
30.Rc7 Rc8 31.Rxe7+ Kf8 32.Re1 Rc5 33.Ra1 g5 34.h3 Ke7 35.Re1+ Kd6 36.Rd1+ Kc7
37.Re1 Kd6 38.Rd1+  1/2-1/2

[Event "61st ch-RUS w 1st League"]
[Site "Ivanovo RUS"]
[Date "2011.02.28"]
[Round "8"]
[White "Drogovoz,I"]
[Black "Kostrikina,A"]
[Result "0-1"]
[WhiteElo "1789"]
[BlackElo "2079"]

1.e4 c5 2.Nc3 Nc6 3.Nge2 Nf6 4.d4 cxd4 5.Nxd4 Qb6 6.Nb3 e6 7.Qe2 Bb4 8.Bd2 O-O
9.a3 Be7 10.O-O-O a6 11.g4 Qc7 12.g5 Ne8 13.h4 b5 14.h5 b4 15.axb4 Nxb4 16.Kb1 a5
17.Bc1 Ba6 18.Qd2 Bxf1 19.Rhxf1 a4 20.Nd4 Nd6 21.b3 Rfc8 22.e5 Nb7 23.Nxa4 Qxe5
24.Bb2 Qa5 25.c3 Na6 26.c4 Qxd2 27.Rxd2 Bxg5 28.f4 Bd8 29.Rg1 Ba5 30.Rh2 f6
31.Rhg2 g6 32.hxg6 h6 33.Nb5 Kg7 34.Rd1 Nbc5 35.Nxc5 Nxc5 36.Rg3 Rd8 37.Ba3 Ne4
38.Rgd3 d5 39.b4 Bb6 40.c5 Bxc5 41.bxc5 Rdb8 42.Ka2 Rxb5 43.f5 exf5 44.Rxd5 Rxc5
45.Rxc5 Nxc5 46.Rg1 Ne4 47.Rg2 Ng5 48.Kb3 Kxg6 49.Bc1 Re8 50.Kc2 Re4 51.Kd3 Rg4
52.Rh2 h5 53.Ke2 Ne4 54.Be3 f4 55.Bc1 Ng5 56.Kf2 h4 57.Ke2 h3 58.Kf2 Kf5
59.Bb2 Ne4+ 60.Kf1 Rg3 61.Bd4 Rd3 62.Bf2 Rf3 63.Ke2 Rxf2+ 64.Rxf2 Nxf2 65.Kxf2 Ke4  0-1

[Event "27th Open"]
[Site "Cappelle la Grande FRA"]
[Date "2011.03.01"]
[Round "5.31"]
[White "Van Overdam,Jul"]
[Black "Jojua,D"]
[Result "0-1"]
[WhiteElo "2125"]
[BlackElo "2515"]

1.e4 c5 2.Nc3 Nc6 3.Bb5 Nd4 4.Bc4 e6 5.Nge2 Nf6 6.O-O a6 7.d3 b5 8.Bb3 Nxb3
9.axb3 b4 10.Na4 d6 11.f4 Bb7 12.f5 e5 13.Bg5 Be7 14.Bxf6 Bxf6 15.Ng3 Qc7
16.c4 Bg5 17.Qf3 Bc6 18.Nh5 f6 19.g3 O-O-O 20.g4 g6 21.Ng3 Kb7 22.Kf2 Rdg8
23.Rg1 h5 24.gxh5 gxh5 25.Rg2 Be8 26.Rf1 Qg7 27.h3 Qh6 28.d4 exd4 29.Kg1 Bc1
30.Kh2 Bc6 31.Kh1 Qe3  0-1

[Event "61st ch-RUS w 1st League"]
[Site "Ivanovo RUS"]
[Date "2011.03.01"]
[Round "9"]
[White "Khvorostova,Anna"]
[Black "Malinicheva,L"]
[Result "0-1"]
[WhiteElo "1845"]
[BlackElo "2015"]

1.e4 c5 2.Nc3 Nc6 3.Nge2 a6 4.d4 cxd4 5.Nxd4 Nf6 6.Bc4 e6 7.a3 Qc7 8.O-O Nxd4
9.Qxd4 Ng4 10.g3 b5 11.Be2 Ne5 12.Bf4 f6 13.Be3 h5 14.Qd1 g6 15.Bd4 Be7 16.f4 Nc6
17.Be3 h4 18.g4 Bb7 19.Qe1 b4 20.axb4 Nxb4 21.Qf2 Rc8 22.Rac1 h3 23.Bd4 Rh7
24.Bf3 Qxf4 25.Qe2 Qc7 26.Na4 Bc6 27.Nb6 Rb8 28.Qf2 Bb5 29.c4 Nd3 30.cxb5 Nxc1
31.bxa6 Nb3 32.Na4 Nxd4 33.Qxd4 Ra8 34.Be2 Qc6 35.Qc4 Qd6 36.Rd1 Qf4 37.Qd4 Bd8
38.Rf1 Qg5 39.b4 Rxa6 40.Bxa6 Qxg4+ 41.Kf2 f5 42.Rg1 Bh4+ 43.Ke3 Qxg1+ 44.Kd3 Qd1+
45.Kc4 Qxa4  0-1

[Event "1st Donetsk Masters"]
[Site "Donetsk UKR"]
[Date "2011.03.02"]
[Round "8"]
[White "Demkovich,A"]
[Black "Matjushin,O"]
[Result "1-0"]
[WhiteElo "2404"]
[BlackElo "2140"]

1.e4 c5 2.Nf3 Nc6 3.Nc3 e5 4.Bc4 Be7 5.d3 d6 6.a4 Nf6 7.Nd2 O-O 8.Nf1 Be6
9.Ne3 Bxc4 10.dxc4 Nd4 11.O-O Qd7 12.f3 g6 13.Ncd5 Ne6 14.Ra3 Bd8 15.Ng4 Nxd5
16.cxd5 Nf4 17.g3 Nh5 18.f4 exf4 19.gxf4 Kh8 20.e5 Be7 21.c4 Ng7 22.Rh3 h5
23.b3 Nf5 24.Bb2 Nd4 25.Nf2 Kg8 26.Bxd4 cxd4 27.Qxd4 Rac8 28.Qe4 dxe5 29.fxe5 Bc5
30.Rg3 Qe8 31.Kh1 f5 32.Qf4 Rc7 33.Nd3 Bb6 34.c5 Bxc5 35.Nxc5 Rxc5 36.Qh6 Rc6
37.dxc6 Qxc6+ 38.Rg2  1-0

[Event "FSIM March"]
[Site "Budapest HUN"]
[Date "2011.03.05"]
[Round "1"]
[White "Lyell,M"]
[Black "Szalanczy,E"]
[Result "0-1"]
[WhiteElo "2181"]
[BlackElo "2269"]

1.e4 c5 2.Nc3 Nc6 3.Bb5 Nd4 4.Bc4 e6 5.Nge2 a6 6.d3 Nf6 7.O-O Qc7 8.Nxd4 cxd4
9.Ne2 Nxe4 10.Bxe6 dxe6 11.dxe4 e5 12.c3 d3 13.Qxd3 Be6 14.Be3 Be7 15.Qc2 O-O
16.Ng3 g6 17.Kh1 b5 18.f4 Rac8 19.f5 Bc4 20.f6 Bd8 21.Rf3 Re8 22.Qf2 Be6
23.Nf5 Bxf5 24.exf5 Qd6 25.fxg6 hxg6 26.Rf1 Re6 27.Qh4 Rc4 28.Qg5 Kf8 29.R3f2 Ke8
30.Rd2 Qf8 31.Rfd1 Rc8 32.Qh4 Bxf6 33.Bg5 Qe7 34.Bxf6 Qxf6 35.Qe4 Kf8 36.Kg1 Rce8
37.Rf2 Qg5 38.h4 Qh5 39.Rd7 R8e7 40.Qa8+ Kg7 41.Rd8 Qh7 42.g4 e4 43.h5 g5
44.Rf5 e3 45.Kf1 Rf6 46.Rd5 Qh6 47.Ke2 Rxf5 48.Rxf5 Qd6 49.Rxg5+ Kh6 50.Rd5 Qh2+  0-1

[Event "27th Open"]
[Site "Cappelle la Grande FRA"]
[Date "2011.03.05"]
[Round "9.4"]
[White "Cornette,M"]
[Black "Spasov,V"]
[Result "1/2-1/2"]
[WhiteElo "2544"]
[BlackElo "2590"]

1.e4 c5 2.Nc3 Nc6 3.Bb5 Nd4 4.Bc4 e6 5.Nge2 a6 6.Nxd4 cxd4 7.Ne2 Nf6 8.d3 d5
9.exd5 exd5 10.Bb3 Bc5 11.O-O O-O 12.Ng3 a5 13.a4 h6 14.h3 Re8 15.Bd2 Ra6
16.Qf3 Rae6 17.Rfe1 b6 18.Nh5 Rxe1+ 19.Rxe1 Rxe1+ 20.Bxe1 Nxh5 21.Qxh5  1/2-1/2

[Event "Noteboom Memorial GpA"]
[Site "Leiden NED"]
[Date "2011.03.06"]
[Round "5"]
[White "Haslinger,S"]
[Black "Agter,F"]
[Result "1-0"]
[WhiteElo "2552"]
[BlackElo "2088"]

1.e4 c5 2.Nf3 Nc6 3.Nc3 d6 4.d4 cxd4 5.Nxd4 e5 6.Ndb5 a6 7.Na3 b5 8.Nd5 Nge7
9.c4 Nd4 10.cxb5 Nxd5 11.exd5 Bd7 12.Be3 Be7 13.Bd3 axb5 14.Bxd4 exd4 15.O-O O-O
16.Nxb5 Qb6 17.a4 Bf6 18.b4 Rfb8 19.Qb3 Qd8 20.Rfe1 Be5 21.g3 Qg5 22.Rf1 Qd8
23.f4 Bf6 24.Rfe1 g5 25.Qd1 Bxb5 26.Bxb5 d3 27.Re8+ Qxe8 28.Bxe8 Bxa1 29.Bc6 Bd4+
30.Kg2 Rxb4 31.Bxa8 Rb2+ 32.Kh3 d2 33.Bc6 gxf4 34.gxf4  1-0

[Event "Brunei IM2 2011"]
[Site "Bandar Seri Begawan BRU"]
[Date "2011.03.07"]
[Round "8"]
[White "Barbosa,O PHI"]
[Black "Ahmad,Md"]
[Result "1-0"]
[WhiteElo "2506"]
[BlackElo "2100"]

1.e4 c5 2.Nc3 Nc6 3.Bb5 g6 4.Bxc6 bxc6 5.d3 Bg7 6.f4 Rb8 7.Nf3 d6 8.O-O Nf6
9.Kh1 O-O 10.Qe1 Ne8 11.Rb1 Nc7 12.Be3 Nb5 13.Ne2 Be6 14.c4 Nc7 15.b3 Na6
16.f5 Bd7 17.Qh4 e5 18.f6 Bxf6 19.Ng5 h5 20.Ng3 Kg7 21.Nxh5+  1-0

[Event "Stryi Spring Wins"]
[Site "Stryi UKR"]
[Date "2011.03.07"]
[Round "8.40"]
[White "Shapoval,V"]
[Black "Vyval,V"]
[Result "0-1"]
[WhiteElo "2005"]
[BlackElo "2168"]

1.e4 c5 2.Nf3 Nc6 3.Nc3 Nf6 4.d4 d5 5.exd5 Nxd5 6.dxc5 Nxc3 7.Qxd8+ Kxd8
8.bxc3 f6 9.Be3 e5 10.Bb5 Ne7 11.Nd2 Nd5 12.Ne4 Nxe3 13.fxe3 Kc7 14.O-O-O Be6
15.Nd6 Be7 16.Rd2 Rhd8 17.Bd3 Bxd6 18.cxd6+ Rxd6 19.Bxh7 Rxd2 20.Kxd2 Bxa2
21.Bd3 Bd5 22.c4 Bc6 23.Bf5 Kd6 24.Kc3 Kc5 25.h4 Rh8 26.Rh2 a5 27.g4 Be8
28.h5 Bf7 29.Rd2 Bxc4 30.Rd7 b5 31.Rxg7 b4+ 32.Kb2 Rd8 33.Rg6 a4 34.h6 Rd1  0-1

[Event "TCh-CAT Div Hon"]
[Site "Barcelona ESP"]
[Date "2011.03.12"]
[Round "7"]
[White "Magem Badals,J"]
[Black "Alsina Leal,D"]
[Result "1/2-1/2"]
[WhiteElo "2573"]
[BlackElo "2531"]

1.e4 c5 2.Nf3 Nc6 3.Nc3 Nf6 4.Bb5 g6 5.Bxc6 dxc6 6.h3 Bg7 7.d3 O-O 8.Be3 b6
9.Qd2 e5 10.Bh6 Qd6 11.O-O Nh5 12.Ne2 f6 13.b3 Be6 14.Bxg7 Nxg7 15.Qh6 Rad8
16.Nd2 Bc8 17.f4 exf4 18.Rxf4 Qe5 19.Raf1 Qg5 20.Qxg5 fxg5 21.Rxf8+ Rxf8
22.Nc4 Rxf1+ 23.Kxf1 Bd7 24.Ne5 Be8 25.d4 cxd4 26.Nxd4 c5 27.Ndc6 a5 28.Ne7+ Kf8
29.Nd5 b5 30.Nc7 Ke7 31.Nxe8 Nxe8 32.c4 Nd6 33.Nc6+ Kd7 34.cxb5 Nxb5 35.Nxa5 Nc3
36.a4 Nxe4 37.Ke2 Nd6 38.Nc4 Nf5 39.Kd3 Kc6 40.g4 Ng7 41.Ne5+ Kd5 42.Nd7 Ne6
43.Nf6+ Kc6 44.Nxh7 Nf4+ 45.Kc4 Nxh3 46.Nf6 Nf2 47.a5 Nd1 48.a6 Nb2+ 49.Kc3 Nd1+
50.Kd3 Nf2+ 51.Ke3 Nd1+ 52.Kf3 Nc3 53.a7 Kb7 54.Nd7 Kxa7 55.Nxc5 Na2 56.Ke4 Kb6
57.Nd3 Nc3+ 58.Ke5 Nd1 59.Kf6 Ne3 60.Kxg5 Kb5 61.Kf4 Nd5+ 62.Ke5 Ne3 63.g5 Ng2
64.Nf4 Nh4 65.Nd5 Nf3+ 66.Kf4 Nxg5 67.Kxg5 Kc5 68.Kxg6 Kxd5 69.b4 Kc4 70.b5 Kxb5  1/2-1/2

[Event "TCh-SWE Elitserien 2010-11"]
[Site "Sweden SWE"]
[Date "2011.03.12"]
[Round "10"]
[White "Gdanski,J"]
[Black "Karlsson,L"]
[Result "0-1"]
[WhiteElo "2542"]
[BlackElo "2469"]

1.e4 c5 2.Nc3 Nc6 3.Nf3 g6 4.Bb5 Nd4 5.Bc4 Bg7 6.Nxd4 cxd4 7.Qf3 Nf6 8.Ne2 Qa5
9.O-O O-O 10.c3 d5 11.exd5 Bg4 12.Qd3 Bxe2 13.Qxe2 Nxd5 14.Qf3 e6 15.b4 Qd8
16.cxd4 Bxd4 17.Rb1 Rc8 18.Bb3 b5 19.a3 Ne7 20.Qb7 Bb6 21.Bb2 Nf5 22.Bc3 Qd3
23.Rbe1 Bd4 24.Bd1 Bxc3 25.dxc3 Qxc3 26.Qxa7 Ra8 27.Qd7 Qxa3 28.Qxb5 Rab8
29.Qa5 Qxb4 30.Qxb4 Rxb4 31.g3 Nd4 32.Re3 h5 33.h4 Rd8 34.Kg2 Kg7 35.Rd3 e5
36.Re1 f6 37.Rd2 Rb1 38.Kf1 Rc8 39.f4 Rcc1 40.fxe5 fxe5 41.Kf2 Kf6 42.Ke3 Nc2+
43.Bxc2 Rxe1+ 44.Kf2 Rf1+ 45.Kg2 Rg1+ 46.Kh2 Rbc1 47.Be4 Rge1 48.Bg2 e4 49.Rd6+ Kf7
50.Rd7+ Kf8 51.Rd8+ Ke7 52.Rd4 Rc2 53.Kh3 e3 54.g4 e2 55.Re4+ Kf8 56.Bf3 hxg4+  0-1

[Event "ch-PriFO A"]
[Site "Tolyatti RUS"]
[Date "2011.03.12"]
[Round "3.24"]
[White "Pasiev,R"]
[Black "Tsarukian,E"]
[Result "1-0"]
[WhiteElo "2304"]
[BlackElo "2201"]

1.e4 c5 2.Nf3 Nc6 3.Nc3 g6 4.d4 cxd4 5.Nxd4 Bg7 6.Be3 d6 7.Qd2 Nf6 8.f3 Nxd4
9.Bxd4 O-O 10.O-O-O Be6 11.Kb1 Qc7 12.h4 Rfc8 13.h5 Qa5 14.hxg6 fxg6 15.a3 a6
16.Bd3 Bf7 17.Qe3 Rc6 18.Bxf6 exf6 19.Nd5 Re8 20.Qd4 Bxd5 21.Qxd5+ Qxd5 22.exd5 Rc7
23.Rhe1 Rxe1 24.Rxe1 f5 25.f4 Kf7 26.Re6 Bf8 27.Kc1 b5 28.b3 Re7 29.Rxe7+ Kxe7
30.b4 Bg7 31.c4 Bd4 32.cxb5 axb5 33.Bxb5 Be3+ 34.Kc2 Bxf4 35.Kd3 Kd8 36.a4 Bg3
37.a5 Be1 38.Kc4 Kc7 39.Kb3 g5 40.Bd3 f4 41.Bxh7 g4 42.Be4 Kb7 43.Ka4 Bd2
44.Bf5 f3 45.gxf3 gxf3 46.Bd3 f2 47.b5 Be3 48.b6 Bd4 49.Kb5 Be3 50.a6+ Ka8
51.Kc6 Bc5 52.Kc7 Bxb6+ 53.Kxb6  1-0

[Event "ch-NCA 2011"]
[Site "Managua NCA"]
[Date "2011.03.13"]
[Round "6.4"]
[White "Madrigal,M"]
[Black "Ortiz,Ma"]
[Result "0-1"]
[WhiteElo "2055"]
[BlackElo "2111"]

1.e4 c5 2.Nc3 Nc6 3.Bb5 Nd4 4.Bc4 g6 5.Nf3 Bg7 6.Nxd4 cxd4 7.Qf3 Nh6 8.Ne2 O-O
9.d3 Ng4 10.Bb3 d6 11.O-O a5 12.a4 Ne5 13.Qg3 Nd7 14.Bg5 Nc5 15.Bd5 Be6 16.Qh4 Re8
17.f4 Bxd5 18.exd5 f5 19.g4 Qd7 20.Ng3 e6 21.dxe6 Qxe6 22.gxf5 gxf5 23.Nh5 Qg6
24.Rf2 Kf7 25.Rg2 Rg8 26.Bd8 Qxg2+ 27.Kxg2 Bf6+ 28.Kf3 Bxh4 29.Bxh4 Ne6 30.Nf6 Rgc8
31.Rc1 Rc6 32.Nd5 Rac8 33.c4 dxc3 34.bxc3 Rc5 35.Ne7 Re8 36.d4 Nxd4+  0-1

[Event "ch-FRA Rapid 2011"]
[Site "Nancy FRA"]
[Date "2011.03.13"]
[Round "1"]
[White "Pucher,S"]
[Black "Maze,S"]
[Result "0-1"]
[WhiteElo "2234"]
[BlackElo "2559"]

1.e4 c5 2.Nf3 Nc6 3.Nc3 g6 4.d4 cxd4 5.Nxd4 Bg7 6.Nde2 Nf6 7.g3 b5 8.Bg2 Rb8
9.O-O O-O 10.h3 d6 11.Be3 a6 12.a4 b4 13.Nd5 Nd7 14.Nd4 Na5 15.Qe1 e5 16.Nb3 Nc4
17.Nxb4 Nxe3 18.fxe3 Bb7 19.a5 Nf6 20.Nd5 Bxd5 21.exd5 h5 22.Qe2 Rb5 23.e4 Bh6
24.Ra4 h4 25.g4 Nd7 26.Rc4 Nb8 27.Kh1 Bf4 28.Qd3 Kg7 29.Qc3 Qg5 30.Rc7 Rd8
31.Ra7 Rd7 32.Rxd7 Nxd7 33.Qc6 Nf6 34.Qxa6 Rb4 35.Qe2 Nh5 36.gxh5 Qg3 37.Bf3 Qxh3+
38.Kg1 f5 39.Qg2 Be3+ 40.Rf2 Qxg2+ 41.Kxg2 h3+ 42.Kf1 Bxf2 43.Kxf2 fxe4 44.Bh1 g5
45.Kg3 e3 46.Bf3 g4 47.Be2 Rf4 48.a6 Kh6 49.Na5 Rf2 50.a7 Rg2+ 51.Kh4 h2
52.Bxg4  0-1